|
|
|
|
| LEADER |
00000nam a2200000Ii 4500 |
| 001 |
DIGULZM0005 |
| 003 |
NyNyDIG |
| 006 |
m o d |
| 007 |
cr ||||||||||| |
| 008 |
240108s2015 sp ob 000 0 spa d |
| 035 |
|
|
|a (OCoLC)1417820874
|
| 040 |
|
|
|a DGITA
|b eng
|e rda
|e pn
|c DGITA
|
| 020 |
|
|
|a 9788415189657
|q eBook
|
| 020 |
|
|
|z 9788494408113
|
| 041 |
1 |
|
|a spa
|h eng
|
| 050 |
1 |
4 |
|a BV4638 ebook
|
| 100 |
1 |
|
|a Ots, Michael,
|e author.
|
| 240 |
1 |
0 |
|a What kind of hope?.
|l Spanish
|s (Laborda Massolo and Fernández)
|
| 245 |
1 |
1 |
|a ¿Qué tipo de esperanza...? :
|b por qué Jesús lo cambia todo /
|c Michael Ots ; traducción, Ahinoam Laborda Massolo y Abigail Fernández Aguirre.
|
| 250 |
|
|
|a 1a edición.
|
| 264 |
|
1 |
|a Barcelona :
|b Andamio,
|c [2015]
|
| 300 |
|
|
|a 1 online resource.
|
| 336 |
|
|
|a text
|b txt
|2 rdacontent
|
| 337 |
|
|
|a computer
|b c
|2 rdamedia
|
| 338 |
|
|
|a online resource
|b cr
|2 rdacarrier
|
| 347 |
|
|
|a text file
|2 rdaft
|
| 347 |
|
|
|b EPUB
|
| 504 |
|
|
|a Includes bibliographical references.
|
| 588 |
0 |
|
|a Online resource; title from ePub title page (Digitalia, viewed January 8, 2024)
|
| 650 |
|
0 |
|a Hope
|x Religious aspects
|x Christianity.
|
| 700 |
1 |
|
|a Laborda Massolo, Ahinoam,
|e translator.
|
| 700 |
1 |
|
|a Fernández, Abigail,
|d 1991,
|e translator.
|
| 700 |
1 |
|
|i Translation of:
|a Ots, Michael.
|t What kind of hope?
|
| 791 |
2 |
|
|a Digitalia (Firm),
|e distributor.
|
| 793 |
0 |
|
|g Digitalia eBook Collection:
|a Ulzama
|
| 776 |
0 |
8 |
|i Print version:
|a Ots, Michael.
|s What kind of hope?. Spanish (Laborda Massolo and Fernández).
|t ¿Qué tipo de esperanza...?
|b 1a edición.
|d Barcelona : Andamio, [2015]
|z 9788494408113
|
| 856 |
4 |
0 |
|3 Digitalia Hispánica
|u https://www.digitaliapublishing.com/a/88626/
|
| 910 |
|
|
|a Premium collection: 2024
|